| 000 | 00512nam a2200181 i 4500 | ||
|---|---|---|---|
| 001 | bg | ||
| 100 | 1 | _aDOMAŃSKI, Marek | |
| 245 | 0 |
_aCyfrowe lp.-pasywne filtry dwuwymiarowe / _cM. Domański. |
|
| 260 |
_aPoznań, _c1990. |
||
| 490 | 1 |
_aRozprawy / Politechnika Poznańska ; _vnr 228 |
|
| 650 | 9 |
_aFiltracja cyfrowa _xurządzenia |
|
| 830 | 0 |
_aRozprawy (Politechnika Poznańska) ; _vnr 228 |
|
| 040 | _cBPK | ||
| 041 | _apol | ||
| 080 | _a681.32 | ||
| 942 | _cKS | ||
| 008 | s pl f |000 0 pol | ||
| 999 |
_c29217 _d29217 |
||
| 856 |
_uhttp://koha.tu.koszalin.pl/cgi-bin/koha/opac-detail.pl?biblionumber=29217 _yKatalog online BPK |
||